| 000 | 00482cam a2200157ua 4500 | ||
|---|---|---|---|
| 041 |
_aeng _h |
||
| 082 |
_a297 _bGIB/IS |
||
| 100 | _aGibb, Hamilton . | ||
| 245 |
_aIslamic society and the west : Study of the impact of western civilization on muslim culture in the near East / _cHamilton Gibb. _hTextual Documents |
||
| 260 |
_aLondon : _bOxford University Press , _c1963. |
||
| 300 | _a386 ; . | ||
| 504 | _a | ||
| 700 | 1 | _aBowen, Harold . | |
| 942 | _cBK | ||
| 999 |
_c1699 _d1699 |
||